A Luz de Meridian (Registo nº 201729)

Detalhes MARC
000 -Etiqueta do registo
Valores 00515nam 22002053 4500
010 ## - Número ISBN
ISBN 989-612-021-8
021 ## - Número do Depósito Legal
Código do país Portugal
Número 214733/04
100 ## - Dados gerais de processamento
Dados gerais 20260409d u||y0pory50 ba
200 ## - Titulo e menção de responsabilidade
Título próprio A Luz de Meridian
210 ## - Publicação
Local de publicação [S.l.]
Nome do editor Edimpresa
Data de publicação D. L. 2004
215 ## - Descrição física 
Paginação / Volumes 190, [2] p.
Outras indicações físicas il. ; encadernado
Dimensões 26 cm
225 ## - Colecção 
Título próprio da colecção Wítch
606 ## - Nome comum usado como assunto
ID Autoridade 1586
Palavra de ordem Desenho Artístico
610 ## - Termos não controlados
Palavra de ordem Banda Desenhada
675 ## - CDU
Notação 74
Edição PT
Língua por
801 ## - Fonte de origem
País PT
Agência BMMN
Regras de catalogação RPC
830 ## - Notas gerais do catalogador
Criado por Isabel
990 ## - Elementos KOHA
Tipo de documento Livro
Exemplares
Situação do levantamento Biblioteca de origem Código de barras Cota Permissão de empréstimo Tipo de documento Forma de aquisição
  Biblioteca Municipal de Montemor-o-Novo 31094 74 LUZ|AIJ   Livro Oferta

Powered by Koha